[Event "5th Classic Open 2013"]
[Site "London ENG"]
[Date "2013.12.09"]
[Round "3.62"]
[White "Lee,Ka"]
[Black "Boyalakuntla,Siva"]
[Result "1-0"]
[WhiteElo "2145"]
[BlackElo "1465"]

1.e4 c5 2.Nf3 e6 3.d4 cxd4 4.Nxd4 Nc6 5.Nc3 a6 6.Nxc6 bxc6 7.Bd3 d6 8.O-O Be7
9.Qe2 Nf6 10.e5 Nd5 11.Qg4 g6 12.exd6 Bxd6 13.Ne4 Be7 14.Qe2 f5 15.Nd2 Qc7
16.Nf3 Nf4 17.Bxf4 Qxf4 18.Bc4 Qc7 19.Rfe1 Ra7 20.Bxe6 Bxe6 21.Qxe6 Qd7 22.Qf6 Rf8
23.Qg7 Qd5 24.Rad1 Qf7 25.Qd4 Rc7 26.Qd8+  1-0

[Event "5th Classic Open 2013"]
[Site "London ENG"]
[Date "2013.12.09"]
[Round "3.33"]
[White "Wallace,P"]
[Black "Zhou,Y"]
[Result "1-0"]
[WhiteElo "2130"]
[BlackElo "2483"]

1.e4 c5 2.Nc3 Nc6 3.Nf3 e6 4.d4 cxd4 5.Nxd4 Qc7 6.g3 a6 7.Bg2 h5 8.h3 h4
9.g4 Nge7 10.Nde2 Ng6 11.Be3 b5 12.O-O Bb7 13.f4 Rc8 14.a3 Be7 15.Qe1 Nd8
16.Qf2 Bc5 17.b4 Bxe3 18.Qxe3 e5 19.Nd5 Bxd5 20.exd5 O-O 21.Be4 exf4 22.Nxf4 Nxf4
23.Rxf4 f6 24.g5 Qe5 25.Bh7+ Kxh7 26.Qxe5 fxe5 27.Rxf8 Kg6 28.a4 Kxg5 29.axb5 axb5
30.Ra7 Rxc2 31.Rxd7 g6 32.Rdxd8 e4 33.Rde8  1-0

[Event "5th Classic Open 2013"]
[Site "London ENG"]
[Date "2013.12.09"]
[Round "3.7"]
[White "McDonald,N"]
[Black "Brunello,S"]
[Result "1/2-1/2"]
[WhiteElo "2418"]
[BlackElo "2603"]

1.e4 c5 2.Nf3 e6 3.d4 cxd4 4.Nxd4 Nc6 5.Nc3 Qc7 6.Be3 a6 7.Qd2 Nf6 8.O-O-O Be7
9.f3 b5 10.g4 Nxd4 11.Qxd4 Bb7 12.g5 Nh5 13.Bh3 Rc8 14.Bg4 b4 15.Bxh5 bxc3
16.Qxg7 cxb2+ 17.Kxb2 Rf8 18.Qd4 d5 19.e5 Qa5 20.Rd3 Rc4 21.Qa7 Qc7 22.Ka1 Qxe5+
23.Bd4 Qc7 24.Rb1 Bc8 25.Qxc7 Rxc7 26.f4 Rxc2 27.Bd1 Rc4 28.Bb3 Rxd4 29.Rxd4 f6
30.h4 fxg5 31.fxg5 Rf2 32.Ba4+ Kd8 33.Rbd1 Bf8 34.Kb1 Bg7 35.Rg4 Rb2+ 36.Kc1 Rxa2
37.h5 Ke7 38.h6 Bc3 39.Bb3 Rh2 40.Bc2 e5 41.Rg3 d4 42.Bxh7 a5 43.Rxc3 dxc3
44.Bc2 a4 45.h7 a3 46.Kb1 Be6 47.Be4 Bb3 48.Rc1 Rb2+ 49.Ka1 Ra2+ 50.Kb1 Rb2+
51.Ka1 Rh2 52.Kb1 Kf7 53.Bc2 Be6 54.Be4 Kg7 55.Rxc3 a2+ 56.Ka1 Re2  1/2-1/2

[Event "5th Penang Open 2013"]
[Site "George Town MAS"]
[Date "2013.12.10"]
[Round "3.51"]
[White "Hanif,M"]
[Black "Ooi,Yen Hoe"]
[Result "1-0"]
[WhiteElo "1841"]
[BlackElo "1678"]

1.e4 c5 2.Nf3 e6 3.Nc3 Nc6 4.d4 cxd4 5.Nxd4 Nf6 6.Nxc6 bxc6 7.e5 Nd5 8.Ne4 Qc7
9.f4 Bb7 10.Bd3 c5 11.Qe2 Be7 12.O-O Rc8 13.c3 c4 14.Bb1 d6 15.exd6 Bxd6
16.Nxd6+ Qxd6 17.f5 e5 18.Re1 f6 19.Qh5+ Ke7 20.Be4 Bc6 21.Kh1 Qc5 22.Qf3 Nb6
23.Be3 Qd6 24.Rad1 Bxe4 25.Qxe4 Qc6 26.Qg4 Rcg8 27.Bxb6 axb6 28.Rd4 h5 29.Rxc4 hxg4
30.Rxc6 b5 31.Rd1 Rc8 32.Re6+ Kf8 33.Rb6 Rh5 34.Rxb5 g3 35.Kg1 gxh2+ 36.Kh1 e4
37.Rbd5 e3 38.Rd8+ Rxd8 39.Rxd8+ Ke7 40.Rd3 Rxf5 41.Rxe3+ Kd6 42.b4 Rh5 43.Rh3 Rxh3
44.gxh3 Kc6 45.Kxh2 Kb5  1-0

[Event "5th Penang Open 2013"]
[Site "George Town MAS"]
[Date "2013.12.11"]
[Round "5.31"]
[White "Borigas,E"]
[Black "Tan,Jun Ying"]
[Result "0-1"]
[WhiteElo "1937"]
[BlackElo "1710"]

1.e4 c5 2.Nf3 e6 3.d4 cxd4 4.Nxd4 Nc6 5.Nc3 Qc7 6.Be3 a6 7.a3 Nf6 8.f3 Be7
9.Qd2 b5 10.g4 h6 11.Be2 b4 12.Na4 bxa3 13.bxa3 Ne5 14.O-O d5 15.exd5 Nxd5
16.Bf2 Bg5 17.Qd1 Ne3 18.Bxe3 Bxe3+ 19.Kg2 Bb7 20.h3 Ng6 21.h4 Nxh4+ 22.Kh3 Ng6
23.Kg2 h5 24.Rh1 O-O-O 25.c3 hxg4 26.Rxh8 Rxh8  0-1

[Event "Pavlodar Open 2013"]
[Site "Pavlodar KAZ"]
[Date "2013.12.11"]
[Round "3.2"]
[White "Aitbayev,A"]
[Black "Jumabayev,R"]
[Result "1-0"]
[WhiteElo "2406"]
[BlackElo "2561"]

1.e4 c5 2.Nf3 e6 3.d4 cxd4 4.Nxd4 Nc6 5.Nc3 Qc7 6.Be3 a6 7.Qd2 Nf6 8.O-O-O Be7
9.f3 b5 10.Nxc6 dxc6 11.Qf2 Nd7 12.Qg3 Qxg3 13.hxg3 e5 14.Be2 Bc5 15.Bxc5 Nxc5
16.Rh5 f6 17.Rdh1 h6 18.f4 b4 19.Nb1 Nxe4 20.Bf3 Nxg3 21.Bxc6+ Ke7 22.Bxa8 Nxh5
23.Rxh5 Bg4 24.Rh4 f5 25.Bb7 exf4 26.Bxa6 g5 27.Rh1 f3 28.g3 h5 29.Nd2 Rf8
30.Re1+ Kd7 31.Rf1 f4 32.Nxf3 fxg3 33.Ne5+ Kd6 34.Nxg4 Ra8 35.Ne3 h4 36.Bd3 Rxa2
37.Rf6+ Kc7 38.Nd5+ Kb7 39.Rf7+ Kb8 40.Bf1 Ra1+ 41.Kd2 g4  1-0

[Event "5th Penang Open 2013"]
[Site "George Town MAS"]
[Date "2013.12.12"]
[Round "7.28"]
[White "Siew,K"]
[Black "Tan,Jun Ying"]
[Result "1-0"]
[WhiteElo "2004"]
[BlackElo "1710"]

1.e4 c5 2.Nf3 e6 3.d4 cxd4 4.Nxd4 Nc6 5.Nc3 Qc7 6.Be3 a6 7.Be2 Nf6 8.a3 Be7
9.f4 d6 10.g4 Nd7 11.Nf3 b5 12.Qd2 Bb7 13.Bd3 Rc8 14.Ne2 Na5 15.b3 f5 16.gxf5 exf5
17.Ng3 fxe4 18.Nxe4 d5 19.Neg5 Nf6 20.Ne6 Qc3 21.Qxc3 Rxc3 22.Bd2 Rxd3 23.cxd3 Nxb3
24.Rb1 Nxd2 25.Kxd2 Bxa3 26.Nxg7+ Kf7 27.Rhg1 Bc8 28.f5 Rg8 29.Ne6 Bd6 30.Rxg8 Nxg8
31.Nfd4 Nf6 32.h3 Bd7 33.Nd8+ Ke8 34.N8c6 Kf7 35.Kc2 Bc7 36.Re1 Bd6 37.Kb3 Bc5
38.Ne5+ Ke7  1-0

[Event "5th Classic Open 2013"]
[Site "London ENG"]
[Date "2013.12.12"]
[Round "6.39"]
[White "Zhou,Y"]
[Black "Quinn,Joh"]
[Result "1-0"]
[WhiteElo "2483"]
[BlackElo "2130"]

1.e4 c5 2.Nf3 e6 3.d4 cxd4 4.Nxd4 Nc6 5.Nc3 Qc7 6.Be3 a6 7.Be2 Nf6 8.O-O Bb4
9.Na4 Be7 10.Nxc6 bxc6 11.Nb6 Rb8 12.Nxc8 Qxc8 13.Bd4 c5 14.Be5 Rb6 15.Qd3 d6
16.Bc3 O-O 17.b3 d5 18.exd5 Nxd5 19.Be5 Bf6 20.Bxf6 Nxf6 21.Rfd1 Qc7 22.Bf3 h6
23.Qc4 Nd7 24.Be2 Qe5 25.c3 Nf6 26.Bf3 Rfb8 27.Rac1 Rd6 28.Rxd6 Qxd6 29.Rd1 Qe5
30.g3 g6 31.Kg2 Kg7 32.Qd3 Nd5 33.Bxd5 exd5 34.Qxa6 Qe4+ 35.Kg1 Qc2 36.Rxd5 Qb1+
37.Qf1 Qxa2 38.Qe1 Qxb3 39.Qe5+ Kh7 40.Rd7 Ra8 41.Kg2 Qc4 42.Qf6 Kg8 43.Qe5 Kh7
44.Qd5 Qxd5+ 45.Rxd5 Ra5 46.Kf3 Kg7 47.Ke4 Ra4+ 48.Ke3 Ra5 49.f4 Kf6 50.f5 gxf5
51.h4 Ke6 52.c4 Ra3+ 53.Kf4 Rc3 54.Rxc5 Kd6 55.Rd5+ Ke6 56.Re5+ Kd6 57.c5+ Kd7
58.Rxf5 Rc4+ 59.Ke3 Ke6 60.Rh5 f6 61.Kd3 Rg4 62.Rxh6 Rxg3+ 63.Kc4 Rg1 64.c6 Rc1+
65.Kb5 Ke5 66.Kb6 Rb1+ 67.Kc7 Rd1 68.Kb7 Rb1+ 69.Kc8 f5 70.c7 f4 71.Rh8 f3
72.Rf8 Ke4 73.Kd7  1-0

[Event "Pavlodar Open 2013"]
[Site "Pavlodar KAZ"]
[Date "2013.12.12"]
[Round "4.9"]
[White "Karmenov,B"]
[Black "Dvoirys,S"]
[Result "1/2-1/2"]
[WhiteElo "2176"]
[BlackElo "2562"]

1.e4 c5 2.Nf3 Nc6 3.d4 cxd4 4.Nxd4 e6 5.Nc3 a6 6.Be2 Nge7 7.O-O Ng6 8.Be3 Be7
9.Qd2 O-O 10.Rad1 d6 11.f4 Bd7 12.Nb3 Be8 13.g3 b5 14.Bf3 Qc7 15.h4 Rc8  1/2-1/2

[Event "SportAccord Rapid Men 2013"]
[Site "Beijing CHN"]
[Date "2013.12.13"]
[Round "6.7"]
[White "Ponomariov,R"]
[Black "Ivanchuk,V"]
[Result "1/2-1/2"]
[WhiteElo "2731"]
[BlackElo "2731"]

1.e4 c5 2.Nf3 e6 3.d4 cxd4 4.Nxd4 Nc6 5.Nc3 Qc7 6.f4 a6 7.Be3 b5 8.Nxc6 Qxc6
9.Be2 Bb7 10.Bf3 Rc8 11.a4 b4 12.e5 Qc7 13.Ne4 Nh6 14.a5 Bd5 15.O-O Nf5 16.Bb6 Qc4
17.Re1 Nh4 18.Rc1 Be7 19.b3 Nxf3+ 20.gxf3 Qc6 21.c4 bxc3 22.Rxc3 Qb7 23.Rxc8+ Qxc8
24.f5 Qb7 25.Qd3 exf5 26.Nf6+ gxf6 27.exf6 Rg8+ 28.Kf2 Be6 29.fxe7 Qb8 30.Rh1 Qf4
31.Qc3 Kxe7 32.Qc5+ d6 33.Qc7+ Kf6 34.Qc3+ Ke7 35.Qc7+ Kf6 36.Qc3+  1/2-1/2

[Event "SportAccord Rapid Men 2013"]
[Site "Beijing CHN"]
[Date "2013.12.13"]
[Round "7.1"]
[White "Leko,P"]
[Black "Wang Yue"]
[Result "0-1"]
[WhiteElo "2730"]
[BlackElo "2723"]

1.e4 c5 2.Nf3 Nc6 3.d4 cxd4 4.Nxd4 e6 5.Nc3 Qc7 6.g3 a6 7.Bg2 Nf6 8.O-O h5
9.Nxc6 dxc6 10.Qe2 e5 11.Bg5 Bg4 12.Bf3 Bh3 13.Bg2 Be6 14.Rfd1 Nd7 15.a4 a5
16.Nb1 Bc5 17.b3 Qb6 18.Rd3 f6 19.Be3 Bxe3 20.Rxe3 Nc5 21.Nd2 O-O-O 22.Nc4 Qa6
23.Bf1 Bxc4 24.Qxc4 Qxc4 25.Bxc4 Rd2 26.Rc1 h4 27.Kg2 Kc7 28.Kf3 hxg3 29.hxg3 Rh2
30.Re2 Rd4 31.c3 Rd8 32.Ke3 g6 33.Kf3 Rd7 34.Ra1 Rd8 35.b4 axb4 36.cxb4 Rd4
37.bxc5 Rxc4 38.a5 Rxc5 39.a6 bxa6 40.Rxa6 Kb7 41.Rea2 Rc3+ 42.Kg4 Rc4 43.Kf3 f5
44.exf5 gxf5 45.R6a5 Rc3+ 46.Ke2 c5 47.Ra7+ Kc6 48.Rf7 Kd5 49.Rxf5 Rxg3 50.Rf8 c4
51.Rc2 c3 52.Rc8 Kd4 53.Rd8+ Kc4 54.Ra2 Rg1 55.Rc8+ Kb3 56.Rca8 Rb1 57.R8a3+ Kc4
58.Ra4+ Rb4 59.Rxb4+ Kxb4 60.Ra8 Kb3 61.Kd3 Rh3+ 62.Ke4 c2 63.Rb8+ Ka2 64.Rc8 Kb2  0-1

[Event "5th Classic Open 2013"]
[Site "London ENG"]
[Date "2013.12.13"]
[Round "7.27"]
[White "Britton,R"]
[Black "Zhou,Y"]
[Result "0-1"]
[WhiteElo "2231"]
[BlackElo "2483"]

1.e4 c5 2.Nf3 e6 3.d4 cxd4 4.Nxd4 Nc6 5.Nc3 Qc7 6.Nxc6 bxc6 7.Bd3 Nf6 8.O-O Bd6
9.f4 e5 10.f5 Bc5+ 11.Kh1 Rb8 12.Na4 Be7 13.c4 d5 14.Nc3 d4 15.Ne2 h5 16.b3 c5
17.Bg5 Nh7 18.Bd2 Bg5 19.Ng1 Bb7 20.Nf3 Qe7 21.Qe2 Bxd2 22.Nxd2 h4 23.Kg1 Nf6
24.g3 hxg3 25.hxg3 Nh5 26.Qg4 Qf6 27.Nf3 Qh6 28.Kg2 Nf6 29.Qh4 Qxh4 30.gxh4 Nxe4
31.Rfe1 Nd2 32.Rxe5+ Kd7 33.Be2 Kd6  0-1

[Event "ch-European Blitz 2013"]
[Site "Warsaw POL"]
[Date "2013.12.13"]
[Round "1.2"]
[White "Kuspak,A"]
[Black "Dubov,Daniil"]
[Result "0-1"]
[WhiteElo "1906"]
[BlackElo "2629"]

1.e4 c5 2.Nf3 e6 3.d4 cxd4 4.Nxd4 Nc6 5.Nc3 a6 6.Be3 Qc7 7.Be2 Nf6 8.O-O Bb4
9.Nxc6 bxc6 10.Bd3 d5 11.Ne2 dxe4 12.Bc4 Bd6 13.h3 O-O 14.Bb3 Rd8 15.Qe1 c5
16.c4 Bb7 17.Nc3 Be5 18.Rd1 h6 19.Qe2 Bd4 20.Rd2 Rd7 21.Rfd1 Rad8 22.Ba4 Bc6
23.Bc2 Qe5 24.Na4 Bxe3 25.Qxe3 Rd4 26.Nc3 Qd6 27.Nb1 e5 28.b3 Qe7 29.g3 R8d6
30.Kh2 Qd8 31.a4 Ne8 32.h4 f5 33.b4 Nf6 34.b5 Ng4+  0-1

[Event "Bundesliga 2013-14"]
[Site "Bremen GER"]
[Date "2013.12.14"]
[Round "5"]
[White "Van Delft,M"]
[Black "Zwanzger,J"]
[Result "1-0"]
[WhiteElo "2425"]
[BlackElo "2329"]

1.e4 c5 2.Nf3 e6 3.d4 cxd4 4.Nxd4 Nc6 5.Nc3 Qc7 6.f4 a6 7.Be3 Nxd4 8.Qxd4 b5
9.O-O-O Bb7 10.Bd3 Rc8 11.Kb1 Nf6 12.Rhe1 Be7 13.g4 O-O 14.g5 Nh5 15.e5 g6
16.Ne4 Bxe4 17.Bxe4 Rfd8 18.Qb6 Bc5 19.Qxc7 Rxc7 20.Bd2 b4 21.Bf3 Kg7 22.Re4 a5
23.c3 Rb8 24.cxb4 axb4 25.Rc1 b3 26.a4 d5 27.exd6 Bxd6 28.Rxc7 Bxc7 29.Rc4 Rd8
30.Bc3+  1-0

[Event "Bundesliga 2013-14"]
[Site "Griesheim GER"]
[Date "2013.12.14"]
[Round "5"]
[White "Tazbir,M"]
[Black "Mchedlishvili,M"]
[Result "0-1"]
[WhiteElo "2544"]
[BlackElo "2630"]

1.e4 c5 2.Nf3 e6 3.d4 cxd4 4.Nxd4 Nc6 5.Nc3 a6 6.Nxc6 bxc6 7.Bd3 d5 8.O-O Nf6
9.Qe2 Be7 10.Bf4 O-O 11.Rad1 Bb7 12.Rfe1 Re8 13.e5 Nd7 14.Na4 c5 15.b3 Bc6
16.c4 Nf8 17.Be4 Ra7 18.Be3 Rd7 19.cxd5 exd5 20.Bf5 Bxa4 21.bxa4 Ne6 22.Qxa6 Bf8
23.Qb5 Qc8 24.Rc1 Rb7 25.Qa6 Rc7 26.Qb5 d4 27.Bf4 c4 28.Rcd1 Rd8 29.a5 g6
30.Bg4 d3 31.Be3 Bc5 32.Bd2 h5 33.Bxe6 Qxe6 34.a6 Rc6 35.Ba5 Ra8 36.Bc3 Raxa6
37.Rd2 Rc8 38.h3 Rb6 39.Qa4 Qc6 40.Qd1 Qd5 41.Qa1 Re8 42.Kh1 Bb4 43.Bxb4 Rxb4
44.Qc3 Reb8 45.e6 Rb1 46.exf7+ Kxf7 47.Rdd1 Rxd1 48.Rxd1 Rd8 49.Qd2 Qd4  0-1

[Event "Bundesliga 2013-14"]
[Site "Griesheim GER"]
[Date "2013.12.14"]
[Round "5"]
[White "Meinhardt,Ma"]
[Black "Firman,N"]
[Result "1-0"]
[WhiteElo "2394"]
[BlackElo "2526"]

1.e4 c5 2.Nf3 e6 3.d4 cxd4 4.Nxd4 Nc6 5.Nc3 d6 6.g3 a6 7.Bg2 Bd7 8.a4 Rc8
9.O-O Be7 10.Re1 Qc7 11.Nxc6 Bxc6 12.Qg4 h5 13.Qe2 h4 14.Bf4 hxg3 15.hxg3 Nf6
16.Rad1 Qb6 17.b3 Qc5 18.Nd5 Bxd5 19.exd5 e5 20.c4 Bd8 21.Be3 Qb4 22.c5 Qxb3
23.Rb1 Qxa4 24.Rxb7 dxc5 25.Bxc5 Nd7 26.Qxe5+ Nxe5 27.Rxe5+ Be7 28.Rexe7+  1-0

[Event "25th Carlos Torre Open"]
[Site "Merida MEX"]
[Date "2013.12.14"]
[Round "3.6"]
[White "Gonzalez Vidal,Y"]
[Black "Della Morte,P"]
[Result "1-0"]
[WhiteElo "2534"]
[BlackElo "2405"]

1.e4 c5 2.Nf3 e6 3.d4 cxd4 4.Nxd4 Nc6 5.Nc3 Qc7 6.Be3 a6 7.Qd2 Nf6 8.f4 b5
9.e5 b4 10.Ncb5 axb5 11.Nxb5 Qa5 12.exf6 gxf6 13.Nd6+ Bxd6 14.Qxd6 b3+ 15.Kf2 bxc2
16.Bc5 Rb8 17.Rc1 Rxb2 18.Be2 Qd8 19.Bc4 Na5 20.Bb3 Nb7 21.Qd4 Rb1 22.Bb6 Rxc1
23.Bxd8 Rxh1 24.Qxf6 Rf1+ 25.Ke2 Nxd8 26.Qxh8+ Ke7 27.Bxc2 Rxf4 28.Qe5 Rc4
29.Bxh7 f6 30.Qg3 Ba6 31.Qg7+ Kd6 32.Kd2 f5 33.Qg3+ Kc6 34.Bg6 Nb7 35.Bh5 Ra4
36.Bf3+ d5 37.h4 f4 38.Qg8 Rxa2+ 39.Kc3 Nc5 40.Kd4 Rd2+ 41.Ke5 Bf1 42.h5 Nd3+
43.Kxe6 Nc5+ 44.Kf5 Rd4 45.Ke5 Nd7+  1-0

[Event "Bundesliga 2013-14"]
[Site "Hockenheim GER"]
[Date "2013.12.15"]
[Round "6"]
[White "Vallejo Pons,F"]
[Black "Potkin,V"]
[Result "1-0"]
[WhiteElo "2705"]
[BlackElo "2645"]

1.e4 c5 2.Nf3 e6 3.Nc3 Nc6 4.d4 cxd4 5.Nxd4 a6 6.Bf4 d6 7.Nxc6 bxc6 8.Qd2 d5
9.O-O-O Nf6 10.f3 Be7 11.Kb1 O-O 12.h4 Bb7 13.g4 dxe4 14.Qe1 Qb6 15.fxe4 Bb4
16.Rh3 Rad8 17.a3 Bxc3 18.Rxc3 Nxe4 19.Rb3 Qf2 20.Be3 Qxe1 21.Rxe1 Rd7 22.Rb6 a5
23.g5 f5 24.gxf6 Nxf6 25.Bc5 Re8 26.Ba6 Bxa6 27.Rxa6 e5 28.Rxc6 e4 29.b4 axb4
30.axb4 Ng4 31.Rd6 Rxd6 32.Bxd6 e3 33.b5 Re6 34.Bc7 Nf6 35.b6 Nd7 36.b7 Rc6
37.Bd8 Re6 38.Kc1 Re8 39.Bc7 Nb8 40.Rxe3 Rxe3 41.Bxb8 Re1+ 42.Kb2  1-0

[Event "20th Zadar Open A 2013"]
[Site "Zadar CRO"]
[Date "2013.12.15"]
[Round "1.15"]
[White "Petrusic,T"]
[Black "Jovanic,O"]
[Result "0-1"]
[WhiteElo "2278"]
[BlackElo "2519"]

1.e4 c5 2.Nf3 e6 3.d4 cxd4 4.Nxd4 Nc6 5.Nc3 Qc7 6.Be3 a6 7.Bd3 Nf6 8.O-O h5
9.h3 b5 10.a3 Bb7 11.Nb3 Be7 12.f4 d6 13.Qf3 h4 14.Qf2 Rc8 15.Rad1 Nd7 16.Rfe1 Bf6
17.e5 dxe5 18.f5 Ne7 19.Bxb5 axb5 20.Nxb5 Qb8 21.Nd6+ Kf8 22.Nxc8 Qxc8 23.fxe6 fxe6
24.Na5 Ba8 25.Qd2 Ke8 26.Qd6 Nf8 27.c4 Nf5 28.Qc5 Qxc5 29.Bxc5 Nd7 30.Ba7 e4
31.b4 Ne5 32.b5 Nd3 33.Re2 Ke7 34.Nb3 Rc8 35.Rc2 Nd6 36.a4 Nxc4 37.a5 Bd5
38.Nd2 Ra8 39.Nxc4 Rxa7 40.a6 Nb4 41.Rcc1 Na2 42.Nb6 Nxc1 43.Nc8+ Kd7 44.Nxa7 Nd3
45.Nc6 Bxc6 46.bxc6+ Kxc6 47.Rb1 Bd4+ 48.Kf1 Bb6 49.Rb3 Nc5 50.Ra3 Ba7 51.Ke2 g5
52.g3 e5 53.gxh4 gxh4 54.Ke3 Kd5 55.Ke2 Ne6 56.Ra5+ Kd6 57.Ra4 Nf4+ 58.Ke1 e3
59.Kf1 Kc7 60.Rc4+ Kb8 61.Ra4 Bd4 62.Ra3 Ka7  0-1

[Event "FSGM December 2013"]
[Site "Budapest HUN"]
[Date "2013.12.16"]
[Round "9.3"]
[White "Sean,W"]
[Black "Nakhbayeva,G"]
[Result "1-0"]
[WhiteElo "2344"]
[BlackElo "2277"]

1.e4 c5 2.Nf3 e6 3.d4 cxd4 4.Nxd4 Nc6 5.Nc3 Qc7 6.Be3 Nf6 7.Be2 Be7 8.O-O O-O
9.f4 d6 10.Kh1 Nxd4 11.Qxd4 b6 12.Bf3 Bb7 13.Nb5 Qc6 14.Qd3 e5 15.Nc3 Rac8
16.a4 Qc4 17.a5 exf4 18.Bxf4 Qb4 19.e5 dxe5 20.Bxb7 Rcd8 21.Qb5 exf4 22.a6 Rd4
23.Rae1 Qd6 24.Qf5 g6 25.Qh3 Qb4 26.Qf3 Bd6 27.Re2 Qxb2 28.Qc6 Bb8 29.Qxf6 Qxc3
30.Bd5  1-0

[Event "20th Zadar Open A 2013"]
[Site "Zadar CRO"]
[Date "2013.12.16"]
[Round "3.10"]
[White "Kadric,D"]
[Black "Bilobrk,F"]
[Result "1-0"]
[WhiteElo "2471"]
[BlackElo "2390"]

1.e4 c5 2.Nf3 e6 3.d4 cxd4 4.Nxd4 Nc6 5.Nc3 Qc7 6.f4 a6 7.Nxc6 Qxc6 8.Bd3 b5
9.Qe2 Bb7 10.Bd2 Nf6 11.e5 b4 12.exf6 bxc3 13.Bxc3 gxf6 14.O-O-O Be7 15.Rhg1 h5
16.g3 Qf3 17.Qd2 Qc6 18.Kb1 d5 19.Bd4 a5 20.Qe3 Ba6 21.Rge1 Kf8 22.h3 Rc8
23.Bxa6 Qxa6 24.Rd3 a4 25.Rc3 Rg8 26.f5 Rxc3 27.Bxc3 Rg5 28.fxe6 fxe6 29.h4 Rg6
30.Qf3 Kg7 31.Qxh5 Rxg3 32.Qe8 Qd6 33.a3 Qd8 34.Qxd8 Bxd8 35.Rxe6 Rg4 36.Rd6 Be7
37.Rd7 Kf8 38.h5 Rg1+ 39.Ka2 Rg5 40.h6 Rh5 41.h7 Ke8 42.Ra7 Rxh7 43.Bxf6 Rf7
44.Rxe7+ Rxe7 45.Bxe7 Kxe7 46.b4 d4 47.Kb2 Kd6 48.Kc1 Kd5 49.Kd1 Kc4 50.Kd2 d3
51.cxd3+ Kb3 52.b5 Kxa3 53.b6  1-0

[Event "Pavlodar Open 2013"]
[Site "Pavlodar KAZ"]
[Date "2013.12.17"]
[Round "8.28"]
[White "Karmenov,B"]
[Black "Suleymenov,Alisher"]
[Result "1-0"]
[WhiteElo "2176"]
[BlackElo "1976"]

1.e4 c5 2.Nf3 e6 3.d4 cxd4 4.Nxd4 Nc6 5.Nc3 Qc7 6.Be2 a6 7.O-O Nf6 8.Be3 Bb4
9.Nxc6 bxc6 10.Bd3 d5 11.exd5 cxd5 12.Bg5 Qe5 13.f4 Qd4+ 14.Kh1 Bxc3 15.bxc3 Qxc3
16.Rb1 Bd7 17.Rb3 Qc7 18.Qe2 a5 19.Rfb1 Rd8 20.Qe5 Qxe5 21.fxe5 h6 22.Bd2 Ng4
23.Bxa5 Rc8 24.Ba6 O-O 25.Bxc8 Rxc8 26.Rb8 Rxb8 27.Rxb8+ Kh7 28.Bc3 Ne3 29.Rb7 Be8
30.Re7 Ba4 31.Rxf7 Bxc2 32.Re7 Be4 33.Kg1 Nxg2 34.Kf2 Nf4 35.Ke3 Ng2+ 36.Kd4 Nf4
37.Bd2 Ne2+ 38.Ke3 Ng1 39.Rxe6 Nf3 40.a4 Nxh2 41.a5 Ng4+ 42.Kd4 Nh2 43.a6 Bh1
44.a7 Nf3+ 45.Kc5 Nxd2 46.a8=Q Ne4+ 47.Kd4 Ng5 48.Re8 Nf3+ 49.Kc5  1-0

[Event "Pavlodar Open 2013"]
[Site "Pavlodar KAZ"]
[Date "2013.12.17"]
[Round "8.7"]
[White "Amanov,Z"]
[Black "Utegaliyev,A"]
[Result "1-0"]
[WhiteElo "2362"]
[BlackElo "2435"]

1.e4 c5 2.Nf3 Nc6 3.d4 cxd4 4.Nxd4 e6 5.Nc3 Qc7 6.g3 Nf6 7.Ndb5 Qb8 8.Bf4 Ne5
9.Be2 a6 10.Qd4 d6 11.O-O-O axb5 12.Bxe5 Bd7 13.Bxf6 gxf6 14.Qxf6 Rg8 15.Bh5 Rg7
16.e5 Qd8 17.Ne4 Ra6 18.Nxd6+ Rxd6 19.Qxd8+ Kxd8 20.exd6 Bc6 21.Rhe1 Kd7
22.Rd3 Bd5 23.Bf3 Bc4 24.Rd4 b6 25.b3 e5 26.Rg4 Be6 27.Rxg7 Bxg7 28.Re4 Bf8  1-0

[Event "20th Zadar Open A 2013"]
[Site "Zadar CRO"]
[Date "2013.12.17"]
[Round "4.8"]
[White "Mazi,L"]
[Black "Jovanic,O"]
[Result "0-1"]
[WhiteElo "2377"]
[BlackElo "2519"]

1.e4 c5 2.Nf3 e6 3.d4 cxd4 4.Nxd4 Nc6 5.Nc3 Qc7 6.Be3 a6 7.Qd2 Nf6 8.f3 h5
9.O-O-O Be7 10.Kb1 b5 11.Nxc6 dxc6 12.e5 Qxe5 13.Bd4 Qc7 14.Qg5 Rg8 15.Bd3 Bb7
16.Be5 Qb6 17.Rhe1 O-O-O 18.Ne4 c5 19.Bxf6 gxf6 20.Qxh5 f5 21.Ng3 f4 22.Ne2 c4
23.Be4 Bxe4 24.fxe4 Rxg2 25.Nxf4 Rxd1+ 26.Rxd1 Rg1 27.a3 Rxd1+ 28.Qxd1 Qe3
29.Qg4 Kd7 30.Nd5 Qg5 31.Qh3 Bd6 32.Nc3 Qg1+ 33.Ka2 Qxh2 34.Qe3 Bb8 35.Qb6 Qd6
36.Qf2 Ke8 37.Qg1 Bc7 38.Qg8+ Ke7 39.Qg5+ Kd7 40.Qh5 Qe7 41.e5 Kc6 42.Qf3+ Kb6
43.Qf4 Qd7 44.Qf2+ Kb7 45.Ne4 Qc6 46.Ng5 Qd5 47.Qxf7 c3+ 48.b3 Qd2 49.Qf3+ Ka7  0-1

[Event "WYCC U18 Girls 2013"]
[Site "Al-Ain UAE"]
[Date "2013.12.18"]
[Round "1.34"]
[White "Amra,T"]
[Black "Duessler,S"]
[Result "0-1"]
[WhiteElo "1570"]
[BlackElo "2046"]

1.e4 c5 2.Nf3 e6 3.d4 cxd4 4.Nxd4 Nc6 5.Nc3 Qc7 6.Be2 a6 7.O-O Nf6 8.Be3 Bb4
9.f3 d5 10.exd5 exd5 11.Bg5 Nxd4 12.Bxf6 gxf6 13.Nxd5 Qd6 14.c4 Bc5 15.Kh1 O-O
16.b4 Ba7 17.Nc3 Qxb4 18.Ne4 Kg7 19.Bd3 f5 20.Ng3 Be6 21.f4 Qe7 22.Bxf5 Nxf5
23.Qg4+ Kh8 24.Nxf5 Qf6 25.Qf3 Bxf5 26.Qxb7 Bd3 27.Rfd1 Be2 28.Rdc1 Be3 29.Re1 Bd2
30.Rg1 Bxc4 31.Qe4 Rac8 32.Rad1 Rfe8 33.Qb1 Bxf4 34.Qb4 Bxh2 35.Rge1 Rxe1+
36.Qxe1 Qh6 37.Qc3+ Be5+  0-1

[Event "WYCC U16 Girls 2013"]
[Site "Al-Ain UAE"]
[Date "2013.12.18"]
[Round "1.6"]
[White "Karimi,Yeganeh"]
[Black "Gu,T"]
[Result "0-1"]
[WhiteElo "1839"]
[BlackElo "2128"]

1.e4 c5 2.Nf3 e6 3.d4 cxd4 4.Nxd4 Nc6 5.Nc3 Qc7 6.Ndb5 Qb8 7.g3 a6 8.Na3 b5
9.Ne2 Bxa3 10.bxa3 Qe5 11.Be3 Qxe4 12.Rg1 d5 13.Bg2 Qc4 14.c3 Nge7 15.Qd2 O-O
16.Bf1 Ne5 17.Nd4 Qc7 18.Bf4 N7g6 19.h4 h5 20.Rc1 Qe7 21.Be2 Nc4 22.Bxc4 dxc4
23.Nc6 Qb7 24.Nb4 a5 25.Nc2 e5 26.Bg5 f6 27.Be3 Bg4 28.f4 Rad8 29.Qf2 exf4
30.gxf4  0-1

[Event "WYCC U16 Girls 2013"]
[Site "Al-Ain UAE"]
[Date "2013.12.18"]
[Round "1.15"]
[White "Velikic,A"]
[Black "Trippold,Denise"]
[Result "1-0"]
[WhiteElo "2055"]
[BlackElo "1789"]

1.e4 c5 2.Nf3 e6 3.d4 cxd4 4.Nxd4 Nc6 5.Nc3 Qc7 6.Be2 a6 7.a3 Nf6 8.Be3 Bd6
9.Qd2 Be5 10.Nf3 Bd6 11.Rd1 Be7 12.Bf4 Qb6 13.Na4 Qa7 14.Bd3 b5 15.Be3 Qc7
16.Nc3 Bb7 17.O-O O-O 18.a4 b4 19.Ne2 d5 20.Bf4 e5 21.exd5 Nxd5 22.Bg5 Rad8
23.Bxe7 Qxe7 24.Qg5 f6 25.Qh4 f5 26.Qxe7 Ndxe7 27.Bc4+ Kh8 28.Ng5 Rxd1 29.Rxd1 h6
30.Ne6 Rf6 31.Nc5 Na5 32.Nxb7 Nxc4 33.b3 Nb6 34.Nc5 Nbd5 35.Nd7 Rc6 36.Nxe5 Rxc2
37.Nd4 Rc8 38.g3 Nc3 39.Re1 Ned5 40.Nxf5 Kg8 41.Nd3 Rf8 42.Nd4 Rf6 43.Kg2 Rd6
44.Nf5 Rf6 45.Ne7+ Nxe7 46.Rxe7 Nd5 47.Re4 a5 48.Re5 Rd6 49.Nb2 Nf6 50.Nc4 Rd3
51.Nxa5 Ng4 52.Rf5  1-0

[Event "25th Carlos Torre Open"]
[Site "Merida MEX"]
[Date "2013.12.18"]
[Round "6.7"]
[White "Mosquera,M"]
[Black "Obregon Rivero,J"]
[Result "0-1"]
[WhiteElo "2394"]
[BlackElo "2519"]

1.e4 c5 2.Nf3 Nc6 3.d4 cxd4 4.Nxd4 e6 5.Nc3 Qc7 6.f4 a6 7.Be3 b5 8.Qf3 Bb7
9.Bd3 Nf6 10.O-O-O Rc8 11.Kb1 Nxd4 12.Bxd4 Bc5 13.Bxc5 Qxc5 14.Rhe1 b4 15.Na4 Qa5
16.b3 O-O 17.g4 Bc6 18.g5 Ne8 19.Nb2 Nd6 20.Nc4 Nxc4 21.Bxc4 Bb5  0-1

[Event "25th Carlos Torre Open"]
[Site "Merida MEX"]
[Date "2013.12.18"]
[Round "7.6"]
[White "Espinosa Veloz,E"]
[Black "Hevia,A"]
[Result "0-1"]
[WhiteElo "2462"]
[BlackElo "2518"]

1.e4 c5 2.Nc3 e6 3.Nf3 Nc6 4.d4 cxd4 5.Nxd4 Qc7 6.Be3 a6 7.Qd2 Nf6 8.O-O-O Be7
9.f3 b5 10.g4 Nxd4 11.Qxd4 Bb7 12.g5 Nh5 13.Qd2 Rc8 14.Bh3 b4 15.Ne2 d5 16.Bg4 g6
17.Bxh5 gxh5 18.e5 d4 19.Nxd4 O-O 20.Rhg1 Rfd8 21.Qf2 a5 22.Rd2 a4 23.g6 hxg6
24.Nxe6 Rxd2 25.Qxd2 Qxe5 26.Nd4 Bf6 27.f4 Qe4 28.f5 b3 29.axb3 axb3 30.fxg6 Bxd4
31.gxf7+ Kxf7  0-1

[Event "WYCC U18 Open 2013"]
[Site "Al-Ain UAE"]
[Date "2013.12.19"]
[Round "2.26"]
[White "Kriebel,T"]
[Black "Esenbek Uulu,Bakai"]
[Result "1-0"]
[WhiteElo "2363"]
[BlackElo "2009"]

1.e4 c5 2.Nf3 e6 3.d4 cxd4 4.Nxd4 Nc6 5.Nc3 d6 6.Be3 Nf6 7.Qd2 Be7 8.O-O-O a6
9.f3 O-O 10.g4 Bd7 11.h4 b5 12.g5 Nh5 13.Nxc6 Bxc6 14.Bh3 b4 15.Ne2 Bb5 16.Nd4 g6
17.Bxe6 fxe6 18.Nxe6 Qd7 19.Nxf8 Rxf8 20.Qd5+ Kh8 21.e5 Ng3 22.exd6 Bd8 23.Bd4+  1-0

[Event "80th ch-BRA 2013"]
[Site "Joao Pessoa BRA"]
[Date "2013.12.19"]
[Round "8.5"]
[White "Di Berardino,D"]
[Black "Barbosa,Ev"]
[Result "1/2-1/2"]
[WhiteElo "2494"]
[BlackElo "2461"]

1.e4 c5 2.Nf3 e6 3.d4 cxd4 4.Nxd4 Nc6 5.Nc3 Qc7 6.Be2 a6 7.O-O Nf6 8.Kh1 Be7
9.f4 d6 10.Be3 O-O 11.Qe1 Nxd4 12.Bxd4 b5 13.a3 Bb7 14.Qg3 Rad8 15.Rae1 Rd7
16.Bd3 Re8 17.Re2 g6 18.f5 e5 19.Be3 Nh5 20.Qg4 Bf6 21.Ref2 Bg7 22.f6 Bf8
23.Qh4 Nf4 24.g3 Nxd3 25.cxd3 d5 26.Rf3 dxe4 27.dxe4 Rd3 28.Bh6 Rxf3 29.Rxf3 Qd6
30.g4 Rc8 31.Bxf8 Qxf8 32.Rh3 h6 33.Qxh6 Qxh6 34.Rxh6 Rc4 35.Rh3 Bxe4+ 36.Kg1 Bc6
37.g5 Rd4 38.Re3 Rg4+ 39.Rg3 Rd4 40.Re3 Rg4+ 41.Rg3 Rd4 42.b4 Kf8 43.Re3 Rg4+
44.Rg3 Rd4 45.h3 Rd2 46.h4 Rd4 47.Re3 Rg4+ 48.Kf2 e4 49.Rh3 Ke8 50.Ke3 Kd7
51.Ne2 Kd6 52.h5 gxh5 53.Rxh5 Bd5 54.Nf4 Rg3+ 55.Kd4 Bc4 56.Kxe4 Rxa3 57.Rh8 a5
58.bxa5 Rxa5 59.Rd8+ Kc7 60.Rd2 Kc6 61.Nd3 Be6 62.Ne5+ Kc7 63.Rc2+ Kb7 64.Rc6 Ra4+
65.Ke3 Bd5 66.Rc5 Re4+ 67.Kd2 Rxe5 68.g6 fxg6 69.f7 Rf5 70.f8=Q Rxf8 71.Rxd5 Kc6
72.Rg5 Rf6 73.Kc3 Kb6  1/2-1/2